Central Library OPAC University of Rajshahi

The great Arab conquests / (Record no. 25516)

MARC details
000 -LEADER
fixed length control field 00737nam a22002531 4500
001 - CONTROL NUMBER
control field 25516
003 - CONTROL NUMBER IDENTIFIER
rucl marc code BD-RjUL
005 - DATE AND TIME OF LATEST TRANSACTION
control field 20211209050905.0
008 - FIXED-LENGTH DATA ELEMENTS--GENERAL INFORMATION
fixed length control field 140318s19661963enk 001 0 eng
035 ## - SYSTEM CONTROL NUMBER
System control number (BD-RjUL)25586
System control number (OCoLC)1293129
040 ## - CATALOGING SOURCE
Original cataloging agency DLC
Transcribing agency FM
Modifying agency Uk
-- DLC
-- BD-RjUL
Language of cataloging eng
041 ## - LANGUAGE CODE
Language code of text/sound track or separate title eng
082 ## - DEWEY DECIMAL CLASSIFICATION NUMBER
Classification number 953
Author mark and year GLG 1966
100 1# - MAIN ENTRY--PERSONAL NAME
Personal name Glubb, Sir John Bagot,
Dates associated with a name 1897-
9 (RLIN) 78469
245 14 - TITLE STATEMENT
Title The great Arab conquests /
Statement of responsibility, etc. John Bagot Glubb, Sir
260 ## - PUBLICATION, DISTRIBUTION, ETC. (IMPRINT)
Place of publication, distribution, etc. London :
Name of publisher, distributor, etc. Hodder and Stoughton,
Date of publication, distribution, etc. c1963 [Reprinted 1966].
300 ## - PHYSICAL DESCRIPTION
Pagination 384 p. :
Illustrations ill., maps. geneal. table. ;
Size 23 cm.
504 ## - BIBLIOGRAPHY, ETC. NOTE
Bibliography, etc Includes index.
650 #0 - SUBJECT ADDED ENTRY--TOPICAL TERM
Topical term or geographic name as entry element Arabs
General subdivision History.
9 (RLIN) 68677
942 ## - ADDED ENTRY ELEMENTS (KOHA)
Source of classification or shelving scheme Dewey Decimal Classification
Koha item type Books
Holdings
Lost status Source of classification or shelving scheme Damaged status Not for loan Collection code Permanent Location Current Location Shelving location Date acquired Source of acquisition Cost, normal purchase price Total Checkouts Full call number Date last seen Copy number Koha item type
  Dewey Decimal Classification   Added to bundle Non-fiction Central Library, University of Rajshahi Central Library, University of Rajshahi Reading Room 14/04/1967 Zitlinger 42.00   953 GLG 1966 18/03/2014 C-1 Books
  Dewey Decimal Classification     Non-fiction Central Library, University of Rajshahi Central Library, University of Rajshahi   13/07/1972 Book centre 46.20   953 GLG 1966 22/03/2014 C-3 Books
  Dewey Decimal Classification     Non-fiction Central Library, University of Rajshahi Central Library, University of Rajshahi   13/12/1963 Sh.M.Ashraf, Lahore 28.00   953 GLG 1963 29/03/2014 C-2 Books
  Dewey Decimal Classification     Non-fiction Central Library, University of Rajshahi Central Library, University of Rajshahi   22/01/1964 Zetlinger     953 GLG 1963 30/03/2014 C-4 Books
  Dewey Decimal Classification     Non-fiction Central Library, University of Rajshahi Central Library, University of Rajshahi   02/05/1968 Zetlinger 42.00   953 GLG 1966 30/03/2014 C-5 Books